00465 2200181 4500001002100000005001500021035002000036245005400056100001600110250000600126300003400132260004500166082000800211084001400219020002200233600001600255990001200271INLIS00000000000335820260211102209 a0010-02260000241 aENSIKLOPEDIA FAUNA KHAS INDONESIA /cWeni Rahayu0 aWeni Rahayu aV a182 hlm :bilus ;c21 x 30 cm aJakarta :bPT. Mediantara Semesta,c2020 a903 a903 WEN e a978-602-8489-10-2 4aWeni Rahayu a0750975